| 000 | 00838cab a2200277 4500 | ||
|---|---|---|---|
| 001 | WB3314-54 | ||
| 008 | 090401t1997 xxu||||| |||| 00| 0 eng d | ||
| 035 | _a(Sirsi) u77702 | ||
| 041 | _aeng | ||
| 245 | _aWater compensation fight | ||
| 260 | _c1997 | ||
| 350 | _a0 | ||
| 490 |
_aWestern Mail _v`Country and Farming` 8 April 1997, 3(1) |
||
| 520 | _aLandowners whose land was damaged because of pumping of underground water from public supply boreholes, have finally won a fight for compensation from Severn Trent Water. | ||
| 650 | _aBOREHOLES | ||
| 650 | _aCOMPENSATION | ||
| 650 | _aCOUNTRY LANDOWNERS ASSOCIATION | ||
| 650 | _aLANDOWNERS | ||
| 650 | _aSEVERN TRENT | ||
| 650 | _aSTRUCTURAL DAMAGE | ||
| 650 | _aSUBSIDENCE | ||
| 650 | _aWATER ABSTRACTION | ||
| 690 | _aLAND | ||
| 942 | _n0 | ||
| 948 | _c11/04/1997 | ||
| 999 |
_c48843 _d48843 |
||